Online
Catalog

Curación de la inflación crónica / (Record no. 25678)

MARC details
000 -CABECERA
campo de control de longitud fija 00865nam a2200229 a 4500
001 - NÚMERO DE CONTROL
campo de control 000026186
005 - FECHA Y HORA DE LA ÚLTIMA TRANSACCIÓN
campo de control 20200930024356.0
008 - DATOS DE LONGITUD FIJA--INFORMACIÓN GENERAL
campo de control de longitud fija 110303s1981 mx a r 000 0 spa d
040 ## - FUENTE DE LA CATALOGACIÓN
Centro catalogador/agencia de origen DO-SdBNP
Lengua de catalogación spa
Centro/agencia transcriptor BNPHU
041 17 - CÓDIGO DE LENGUA
Código de lengua del texto/banda sonora o título independiente spa
Código de lengua original eng
Fuente del código Código de idioma MARC
082 ## - NÚMERO DE LA CLASIFICACIÓN DECIMAL DEWEY
Número de clasificación NNN
Número de documento/Ítem O41c
049 ## - FONDOS LOCALES (OCLC)
Fondos de biblioteca BNPHU
100 1# - ENTRADA PRINCIPAL--NOMBRE DE PERSONA
Nombre de persona Okun, Arthur M.
Fechas asociadas al nombre O41c
9 (RLIN) 53196
240 10 - TÍTULO UNIFORME
Título uniforme Curing chronic inflation.
Lenguaje de la obra Español.
245 10 - MENCIÓN DE TÍTULO
Título Curación de la inflación crónica /
Mención de responsabilidad, etc. Arthur M. Okun y George L. Perry ; traducción al español de Carlos Villegas García ; prefacio Bruce K. MacLaury.
260 ## - PUBLICACIÓN, DISTRIBUCIÓN, ETC.
Lugar de publicación, distribución, etc. Meéxico, D. F. :
Nombre del editor, distribuidor, etc. NOEMA,
Fecha de publicación, distribución, etc. 1981.
300 ## - DESCRIPCIÓN FÍSICA
Extensión 247, [1] p. :
Otras características físicas il. ;
Dimensiones 21 cm.
534 ## - NOTA SOBRE LA VERSIÓN ORIGINAL
Encabezamiento principal del original Título de la obra en inglés:
Mención de título del original Curing chronic inflation.
700 1# - PUNTO DE ACCESO ADICIONAL--NOMBRE DE PERSONA
Nombre de persona Perry, George L.
9 (RLIN) 53197
700 1# - PUNTO DE ACCESO ADICIONAL--NOMBRE DE PERSONA
Nombre de persona Villegas García, Carlos
Término indicativo de función/relación tr.
9 (RLIN) 47034
700 1# - PUNTO DE ACCESO ADICIONAL--NOMBRE DE PERSONA
Nombre de persona MacLaury, Bruce K.
9 (RLIN) 53198
Holdings
Estado de retiro Estado de pérdida Restricciones de uso No para préstamo Código de colección Localización permanente Ubicación/localización actual Ubicación en estantería Fecha de adquisición Número de inventario Total de préstamos Signatura topográfica completa Código de barras Fecha visto por última vez Precio válido a partir de Tipo de ítem Koha
        Monografías: Libros y Folletos General General En catalogación 03.03.2011 LF1   NNN O41c 26186-10 25.06.2020 25.06.2020 Préstamo en sala

Powered by Koha